000 01335nam a2200313 a 4500
001 BRL_1388
005 20190320211159.0
008 100114s1979----u--ao#####---#000-0#eng-#
020 _a0890131139
041 _aeng
044 _au
050 4 _aTS1306.U452
_b.S63 1973
245 1 0 _aSpanish textile tradition of New Mexico and Colorado, Museum of International Folk Art
_cEditor Sarah Nestor ; photographer Cradoc Bagshaw (unless otherwise indicated)
260 _aSanta Fe, New Mexico
_bMuseum of New Mexico Press
_c1979
300 _axi, 264 p.
_bil., fotografías (a color), mapas
_c21 cm.
440 0 _aSeries in Southwestern culture
_926737
500 _aAu1618
500 _aExhibition held at the Museum of International Folk Art, Santa Fe; the American Museum of Natural History, New York; Joslyn Art Museum, Omaha, Neb.; and the Art Institute of Chicago.
504 _aBibliografía: p. 252-259.
650 1 4 _aIndustria textil
_vExposiciones
_zColorado
_926738
650 1 4 _aTelas
_vExposiciones
_zColorado
_926739
650 1 4 _aIndustria textil
_vExposiciones
_zNuevo México
_926740
650 1 4 _aTelas
_vExposiciones
_zNuevo México
_926741
700 1 _aNestor, Sarah
_eed.
_926742
700 1 _aBagshaw, Cradoc
_eil.
_926743
710 2 _aMuseum of International Folk Art
_926744
902 _aGRL
942 _2lcc
_cB
999 _c10199
_d10199